Sports Quiz

Random Sports Quiz

35+ HR & 50+ 2B In A Season Quiz Stats

 Plays Quiz not verified by Sporcle

Challenge
Share
Tweet
Embed
Score 0/17 Timer 07:00
0 Plays Today
Year & Team(s) Player % Correct
1996 MarinersAlex Rodriguez
97.1%
1995 IndiansAlbert Belle
97.1%
2004 CardinalsAlbert Pujols
95.7%
2003 CardinalsAlbert Pujols
95.7%
2001 RockiesTodd Helton
95.7%
2000 RockiesTodd Helton
95.7%
2000 Blue JaysCarlos Delgado
95.7%
2007 Red SoxDavid Ortiz
94.2%
2005 CubsDerrek Lee
92.8%
Year & Team(s) Player % Correct
1927 YankeesLou Gehrig
92.8%
1999 RangersJuan Gonzalez
88.4%
2007 RockiesMatt Holliday
84.1%
2002 YankeesAlfonso Soriano
82.6%
1940 TigersHank Greenberg
79.7%
1962 RedsFrank Robinson
71%
1932 PhilliesChuck Klein
62.3%
1930 PhilliesChuck Klein
62.3%

You're not logged in!

Compare scores with friends on all Sporcle quizzes.
Join for Free
OR
Log In

You Might Also Like...

Show Comments

Extras

Created May 28, 2015ReportNominate
Tags:player, season, team, total

Top Quizzes Today


Score Distribution

Your Account Isn't Verified!

In order to create a playlist on Sporcle, you need to verify the email address you used during registration. Go to your Sporcle Settings to finish the process.

Report this User

Report this user for behavior that violates our Community Guidelines.

Details: